Countries That Mine The Most Bitcoin - Statistics

General Stats
  • This quiz has been taken 22 times
  • The average score is 6 of 10
Answer Stats
Hint Answer % Correct
3.06% Germany
100%
37.84% United States
100%
21.11% China
95%
4.66% Russia
90%
6.48% Canada
75%
0.84% Sweden
45%
1.97% Ireland
30%
0.96% Thailand
30%
2.51% Malaysia
25%
13.22% Kazakhstan
20%
No matching quizzes found
Score Distribution
Percent of People with Each Score
Percentile by Number Answered
Your Score History
You have not taken this quiz